| 000 | 00475nam a22001697a 4500 | ||
|---|---|---|---|
| 003 | BD-DhUL | ||
| 005 | 20171126142901.0 | ||
| 008 | 171114snd. ii ||||| |||| 00| 0 per d | ||
| 040 |
_aBD-DhUL _cBD-DhUL |
||
| 082 |
_a891.553 _bABA |
||
| 100 | 0 | _aابو الفضل | |
| 245 | 0 |
_aعیارد انش / _cابو الفضل |
|
| 260 |
_aکانپور : _bمطبع نامی منشی، _c۔ |
||
| 300 |
_aص۔ ۳۰۴ ؛ _c۲۴ سم۔ |
||
| 650 | 0 | _aPersian poetry | |
| 942 |
_2ddc _cBK |
||
| 999 |
_c232428 _d232428 |
||